| 000 | 00553nam a22001817a 4500 | ||
|---|---|---|---|
| 010 | _aENG-113222 | ||
| 020 |
_a978819766016 _c450.00 |
||
| 035 | _aEN-96754 | ||
| 037 | _bDBAD/PUB | ||
| 082 | _a305.568 | ||
| 100 | _aChandra Bhan Prasad | ||
| 245 |
_aDalit phobia : _cby Chandra Bhan Prasad _bwhy do they hate us / |
||
| 260 |
_aNew Delhi _bVitasta Publishing _c2013(repr.) |
||
| 270 |
_a2/15, Ansari Road, Daryaganj _bNew Delhi _e110002 |
||
| 300 |
_a242p. _c22cm(Hb) |
||
| 500 | _aIncludes index | ||
| 942 |
_2ddc _cEN _mCHA _h305.568 |
||
| 999 |
_c93936 _d93936 |
||